Prefaces to the first editions of the Greek and Roman classics and of the Sacred Scriptures / (Record no. 162535)
[ view plain ]
| 000 -LEADER | |
|---|---|
| campo de control de longitud fija | 00995nam a2200241 i 4500 |
| 001 - NÚMERO DE CONTROL | |
| campo de control | 162535 |
| 003 - IDENTIFICADOR DE NÚMERO DE CONTROL | |
| campo de control | ES-MaACL |
| 005 - FECHA Y HORA DE LA ÚLTIMA TRANSACCIÓN | |
| campo de control | 20250825092430.0 |
| 008 - DATOS DE LONGITUD FIJA--INFORMACIÓN GENERAL | |
| campo de control de longitud fija | 010305s1861 xxk |||| | lat d |
| 245 00 - MENCIÓN DEL TÍTULO | |
| Título | Prefaces to the first editions of the Greek and Roman classics and of the Sacred Scriptures / |
| Mención de responsabilidad, etc. | collected and edited by Berah Botfield. |
| 260 ## - PUBLICACIÓN, DISTRIBUCIÓN, ETC. | |
| Lugar de publicación, distribución, etc. | London : |
| Nombre del editor, distribuidor, etc. | Henry George Bohn, |
| Fecha de publicación, distribución, etc. | 1861 ( |
| Lugar de fabricación/manufactura | Cantabrigiae : |
| Fabricante | Preli Academici typis excudebat) |
| 300 ## - DESCRIPCIÓN FÍSICA | |
| Extensión | LXXVI, 674 p. ; |
| Dimensiones | 29 cm. |
| 594 ## - Nota al título y mención de responsabilidad | |
| Nota al título y mención de responsabilidad | Tít. en antep.: "Praefationes et epistolae editionibus principibus auctorum veterum praepositae curante Beriah Botfield ... " |
| 594 ## - Nota al título y mención de responsabilidad | |
| Nota al título y mención de responsabilidad | Texto en latín e inglés. |
| 597 ## - NOTA DE DESCRIPCIÓN FÍSICA | |
| NOTA DE DESCRIPCIÓN FÍSICA | Signaturizado. |
| 597 ## - NOTA DE DESCRIPCIÓN FÍSICA | |
| NOTA DE DESCRIPCIÓN FÍSICA | Antep. |
| 650 #7 - PUNTO DE ACCESO ADICIONAL DE MATERIA--TÉRMINO DE MATERIA | |
| Término de materia o nombre geográfico como elemento de entrada | Libros sagrados |
| Fuente del encabezamiento o término | embne |
| 9 (RLIN) | 136418 |
| 650 #4 - PUNTO DE ACCESO ADICIONAL DE MATERIA--TÉRMINO DE MATERIA | |
| Término de materia o nombre geográfico como elemento de entrada | Literatura clásica- |
| Subdivisión de forma | Bibliografías. |
| 9 (RLIN) | 157581 |
| 650 #4 - PUNTO DE ACCESO ADICIONAL DE MATERIA--TÉRMINO DE MATERIA | |
| Término de materia o nombre geográfico como elemento de entrada | Prólogos y epílogos. |
| 9 (RLIN) | 151467 |
| 700 1# - ENTRADA AGREGADA--NOMBRE PERSONAL | |
| Nombre de persona | Botfield, Beriah. |
| 9 (RLIN) | 126093 |
| 852 ## - LOCALIZACIÓN | |
| Ubicación | ES-MaACL |
| Número de control de estantería | G-5793 |
| Nota libre | -- Enc. hol. |
| Estatus retirado | Estado de pérdida | Estado de daño | No para préstamo | Colección | Biblioteca de origen | Biblioteca actual | Ubicación en estantería | Fecha de adquisición | Fuente de adquisición | Total de préstamos | Signatura topográfica completa | Código de barras | Visto por última vez | Precio de reemplazo | Tipo de ítem Koha |
|---|---|---|---|---|---|---|---|---|---|---|---|---|---|---|---|
| Libros del s. XIX | Biblioteca del Ateneo de Madrid | Biblioteca del Ateneo de Madrid | Depósito 2 | 17/01/2008 | G-5793 | 1170276 | 23/02/2023 | 23/02/2023 | Libro impreso antiguo |
